000 00379nam a2200157Ia 4500
008 231217s9999 xx 000 0 und d
041 _aEnglish
082 _a621.381 WAR
100 _aWarring R H
245 0 _aUnderstanding electronics: With 32 working circuits
250 _a3rd ed.
260 _c1993
_bJaico
300 _a175
650 _aElectronics
942 _cAA
999 _c163046
_d163046